Стена: роман; пер. с англ.

Бібліографічні деталі
Автор: Лонг Д. Джефф
Резюме:Хью Гласе и Льюис Коул, оба бывшие альпинисты, решают совершить свое последнее восхождение на Эль-Капитан, самую высокую вершину в горах Калифорнии. Уже на первых этапах подъема происходит череда событий странных и страшных, кажется, будто сама гора обретает демоническую власть над природой и не дает человеку проникнуть сквозь непогоду и облака, чтобы он раскрыл ее опасную тайну. Но упрямые скалолазы продолжают свой нелегкий маршрут, еще не зная, что их ждет наверху. Джефф Лонг — автор романа «Преисподняя», возглавившего списки бестселлеров «Нью-Йорк тайме», лауреат нескольких престижных американских литературных премий.
Мова:Російська
Опубліковано: СПб., Домино, 2010
Серія:Книга-загадка, книга-бестселлер
Предмети:
Формат: MixedMaterials Книга
KOHA link:https://koha.lib.tpu.ru/cgi-bin/koha/opac-detail.pl?biblionumber=225713

MARC

LEADER 00000nam0a2200000 4500
001 225713
005 20231031201025.0
010 |a 9785699408900 
035 |a (RuTPU)RU\TPU\book\246069 
035 |a RU\TPU\book\246009 
090 |a 225713 
100 |a 20121114d2010 m y0rusy50 ca 
101 1 |a rus  |c eng 
102 |a RU 
105 |a y z 000ay 
200 1 |a Стена  |e роман  |e пер. с англ.  |f Д. Лонг 
210 |a СПб.  |c Домино  |a Москва  |c Эксмо  |d 2010 
215 |a 367 с. 
225 1 |a Книга-загадка, книга-бестселлер 
330 |a Хью Гласе и Льюис Коул, оба бывшие альпинисты, решают совершить свое последнее восхождение на Эль-Капитан, самую высокую вершину в горах Калифорнии. Уже на первых этапах подъема происходит череда событий странных и страшных, кажется, будто сама гора обретает демоническую власть над природой и не дает человеку проникнуть сквозь непогоду и облака, чтобы он раскрыл ее опасную тайну. Но упрямые скалолазы продолжают свой нелегкий маршрут, еще не зная, что их ждет наверху. Джефф Лонг — автор романа «Преисподняя», возглавившего списки бестселлеров «Нью-Йорк тайме», лауреат нескольких престижных американских литературных премий. 
610 1 |a американская литература 
610 1 |a приключения 
610 1 |a романы 
675 |a 82  |v 3 
700 1 |a Лонг  |b Д.  |g Джефф 
801 1 |a RU  |b 63413507  |c 20121114 
801 2 |a RU  |b 63413507  |c 20121123  |g RCR 
942 |c BK